000
00286nam a22001337a 4500
008
181016b xxu||||| |||| 00| 0 eng d
020
_a
0833456933
041
_a
eng
080
_a
316
100
_a
50
101
_a
SOC
245
_a
Churches in Struggle
_c
Tabb,W.K
942
_2
udc
_c
BK
999
_c
49825
_d
49825